Teoría elemental del cálculo de variaciones y de las modificaciones introducidas en él por Weierstrass (Record no. 97964)

MARC details
000 -LEADER
campo de control de longitud fija 00541nam a2200157 i 4500
001 - NÚMERO DE CONTROL
campo de control 97964
003 - IDENTIFICADOR DE NÚMERO DE CONTROL
campo de control ES-MaACL
005 - FECHA Y HORA DE LA ÚLTIMA TRANSACCIÓN
campo de control 20230906182206.0
007 - CAMPO FIJO DE DESCRIPCIÓN FÍSICA--INFORMACIÓN GENERAL
campo de control de longitud fija t|
008 - DATOS DE LONGITUD FIJA--INFORMACIÓN GENERAL
campo de control de longitud fija 050721s1912 sp ||||1| spa d
100 1# - ENTRADA PRINCIPAL--NOMBRE DE PERSONA
Nombre de persona Marín Toyos, Daniel.
9 (RLIN) 76816
245 10 - MENCIÓN DEL TÍTULO
Título Teoría elemental del cálculo de variaciones y de las modificaciones introducidas en él por Weierstrass
Resto del título : tesis doctoral /
Mención de responsabilidad, etc. Daniel Marín y Toyos.
260 ## - PUBLICACIÓN, DISTRIBUCIÓN, ETC.
Lugar de publicación, distribución, etc. Madrid :
Nombre del editor, distribuidor, etc. [s.n.],
Fecha de publicación, distribución, etc. 1912 (
Fabricante Imp. de Eduardo Arias)
502 ## - NOTA DE TESIS
Nota de tesis Tesis Doctoral.
852 ## - LOCALIZACIÓN
Ubicación ES-MaACL
Número de control de estantería T-1368-F-4
Holdings
Estatus retirado Estado de pérdida Estado de daño No para préstamo Colección Biblioteca de origen Biblioteca actual Ubicación en estantería Fecha de adquisición Fuente de adquisición Total de préstamos Signatura topográfica completa Código de barras Visto por última vez Precio de reemplazo Tipo de ítem Koha
        Colección de folletos Biblioteca del Ateneo de Madrid Biblioteca del Ateneo de Madrid Depósito folletos 17/01/2008     T-1368-F-4 1102264 23/02/2023 23/02/2023 Folleto